VANGO - Alert Based Transportation / (Record no. 611764)
[ view plain ]
| 000 -LEADER | |
|---|---|
| fixed length control field | 01046nam a22001817a 4500 |
| 003 - CONTROL NUMBER IDENTIFIER | |
| control field | NUST |
| 005 - DATE AND TIME OF LATEST TRANSACTION | |
| control field | 20240924144644.0 |
| 082 ## - DEWEY DECIMAL CLASSIFICATION NUMBER | |
| Classification number | 005.1,SHA |
| 100 ## - MAIN ENTRY--PERSONAL NAME | |
| Personal name | Shah, Shazray |
| 9 (RLIN) | 126033 |
| 245 ## - TITLE STATEMENT | |
| Title | VANGO - Alert Based Transportation / |
| Statement of responsibility, etc. | Shazray Shah, Hadia Shafqat, Hareem Ahmed, Javeria Shahbaz. |
| 260 ## - PUBLICATION, DISTRIBUTION, ETC. | |
| Place of publication, distribution, etc. | MCS, NUST |
| Name of publisher, distributor, etc. | Rawalpindi |
| Date of publication, distribution, etc. | 2024 |
| 300 ## - PHYSICAL DESCRIPTION | |
| Extent | 62 p |
| 505 ## - FORMATTED CONTENTS NOTE | |
| Formatted contents note | This document provides an introduction to VanGo, the Android application for a School<br/>Van transportation System. The primary objective of this app is to offer an efficient and<br/>reliable van service for school-going children. Through a user-friendly mobile solution,<br/>we aim to simplify the process of finding and booking a safe van that provides real-time<br/>tracking of school vans, delivers live camera feed from inside the van and gives<br/>attendance notifications to parents, while also storing all pertinent data for future<br/>reference. |
| 650 ## - SUBJECT ADDED ENTRY--TOPICAL TERM | |
| Topical term or geographic name entry element | UG BESE |
| 9 (RLIN) | 114271 |
| 651 ## - SUBJECT ADDED ENTRY--GEOGRAPHIC NAME | |
| Geographic name | BESE-26 |
| 9 (RLIN) | 125902 |
| 700 ## - ADDED ENTRY--PERSONAL NAME | |
| Personal name | Supervisor Dr. Shahzaib Tahir |
| 9 (RLIN) | 113129 |
| 942 ## - ADDED ENTRY ELEMENTS (KOHA) | |
| Source of classification or shelving scheme | |
| Koha item type | Project Report |
No items available.
